000 00670cam a2200205 a 4500
005 20250107063749.0
008 991125s2000 mx 000 0 spa u
020 _a9686078681
035 _aUPN01000052705
040 _aMX-MxUPN
_bspa
_cMX-MxUPN
049 _aUNE
050 4 _aLC155 A4.4
_bM5.4
245 0 0 _a1990 :
_binternational literacy year : suggested actions for Latin America and the Caribbean.
260 _aPátzcuaro, Mich. :
_bUNESCO :
_bCREFAL,
_ac1988.
300 _a100 p.
500 _aTambién localizas un ejemplar en Colección General
650 4 _aAlfabetización (Educación)
_zAmérica Latina
_91835
905 _aLibro
942 _2lcc
_cLIBRO
999 _c52705
_d52705